Stati per produzione di Carote - Statistics

Statistiche generali
  • Questo quiz è stato fatto 7 volte
  • Il punteggio medio è 6 su 7
Statistiche sulle risposte
Produzione (milioni tonnellate) Continente Nazione % Corretto
18,1 Asia Cina
100%
1,4 Asia / Europa Russia
100%
1,6 America del Nord Stati Uniti
100%
0,6 Asia Giappone
80%
0,7 Asia Indonesia
80%
0,6 Asia / Europa Kazakistan
80%
8,9 Asia Uzbekistan
60%
Nessun quiz corrispondente trovato
Distribuzione punteggi
Percentuale di utenti per punteggio
Percentile per numero di risposta
I tuoi punteggi nel tempo
Non hai fatto questo quiz